000 00649nam a2200277Ia 4500
005 20260324141609.0
008 008 260324s9999 xx 000 0 eng d
020 _a9780429314582
037 _aEBOOK
040 _aCRL
040 _beng
040 _cCRL
041 _2eng
041 _aeng
084 _qCRL
100 _aEllis Goldberg
_91208786
245 4 _aThe Social History Of Labor In The Middle East
260 _bTaylor and Francis
260 _c1996
365 _a
365 _b230
856 _uhttp://www.taylorfrancis.com/books/9780429314582
942 _cEBOOK
999 _c1812057
_d1812057